| 000 | 00738cam a22002531 4500 | ||
|---|---|---|---|
| 001 | l 65000206 | ||
| 003 | DLC | ||
| 005 | 20260227111548.0 | ||
| 008 | 830310s1964 sz i000 0 spa | ||
| 010 | _al 65000206 | ||
| 035 | _a(OCoLC)9298955 | ||
| 040 |
_aDLC _cPPiU _dDLC |
||
| 042 | _apremarc | ||
| 043 | _as-uy--- | ||
| 050 | 0 | 0 |
_aHD7162 _b.I5 |
| 110 | 2 | _aInternational Labour Office. | |
| 245 | 1 | 0 | _aInforme al Gobierno de la República oriental del Uruguay sobre seguridad social. |
| 260 |
_aGinerbra, _c1964. |
||
| 300 |
_a iii, 71 p. _c30 cm. |
||
| 500 | _a"OIT/TAP/Uruguay/R.5" | ||
| 500 | _aAt head of title: Programa Ampliado de Asistencia Técnica. | ||
| 650 | 0 |
_aSocial security _zUruguay. |
|
| 710 | 1 | _aUruguay. | |
| 999 |
_c37224 _d37224 |
||